000 00945nam a22001937a 4500
003 OSt
005 20260318021337.0
008 260318b |||||||| |||| 00| 0 eng d
040 _aDWCL GS Library
_cOC
082 _aFic. T969g 2010
100 _aTwain, Mark
245 _athe prince and the pauper
_b: philippine edition
_cmark twain
260 _aFirst philippine reprint
_bCengage learning
_cc2010
300 _a176
_billustrations
_c16cm
520 _aMark Twain’s The Prince and the Pauper is a 16th-century tale of mistaken identity where Prince Edward Tudor and poor Tom Canty swap clothes and lives. They navigate opposite worlds, experiencing harsh survival and royal duty, teaching them compassion and justice, ultimately leading to a more empathetic, just kingdom when Edward resumes his throne.
546 _aEnglish
700 _aMark Twain
942 _2ddc
_cFIC.
_hFic. T969g 2010
_n0
999 _c9260
_d9260